| 000 | 01019pam a2200337 i 4500 | ||
|---|---|---|---|
| 001 | 1320828 | ||
| 003 | NUST | ||
| 005 | 20220305144811.0 | ||
| 008 | 781115r1979 nyu b 001 0beng | ||
| 010 | _a 78026294 | ||
| 020 | _a0670454257 | ||
| 038 | _awaseem | ||
| 040 |
_aDLC _cDLC _dDLC |
||
| 042 | _alcac | ||
| 050 | 0 | 0 |
_aDS778.M3 _bC37 1979 |
| 082 | 0 | 0 |
_a951.050924 _bCAR |
| 100 | 1 |
_aCarter, Peter, _d1929- _990253 |
|
| 245 | 1 | 0 |
_aMao / _cPeter Carter. |
| 250 | _a1st American ed. | ||
| 260 |
_aNew York : _bViking Press, _c1979. |
||
| 300 |
_a217 p. ; _c22 cm. |
||
| 500 | _aIncludes index. | ||
| 504 | _aBibliography: p. 205-206. | ||
| 520 | _aA biography of the man who transformed China from an ancient, traditional culture into a revolutionary nation. | ||
| 563 | _aHBK. | ||
| 600 | 1 | 0 |
_aMao, Zedong, _d1893-1976. _990254 |
| 650 | 0 |
_aHeads of state _zChina _vBiography. _990255 |
|
| 906 |
_a7 _bcbc _corignew _d1 _eocip _f19 _gy-gencatlg |
||
| 942 |
_2ddc _cBK |
||
| 987 |
_aPINYIN _bDLC _c20020530 _dc |
||
| 999 |
_c588585 _d588585 |
||